000 00447nam a2200181Ia 4500
005 20250508162451.0
008 008 250505s9999 xx 000 0 hin d
037 _aTextual
040 _aFEDL
_beng
_cFEDL
041 _ahin
_2eng
084 _a150, ANA
_qFEDL
100 _aAnastasi L
_9773216
245 0 _aBhedak manovigyan
300 _a878p
650 _aPsychology
942 _cTEXL
_h150, ANA
999 _c1376729
_d1376729